00473nam a2200157Ia 450000500170000000800410001708200130005810000180007124500280008926000370011730000130015450000280016794200060019595200990020199900150030020250401021020.0240331s9999 xx 000 0 und d bVISa894 aVisvanathan,D 0aMalayaga shirugathaigal aChennaibDurai Visvanathanc1997 a324 p ., aMalaiyaga Short Stories cL 001040708LaWERCLbWERCLcSSCd2024-03-31l0o 894.811 VISp6286r2024-03-31w2024-03-31yL c4644d4644